Symposium on Late Byzantine Thessalonike

Αποθηκεύτηκε σε:
Λεπτομέρειες βιβλιογραφικής εγγραφής
Συγγραφή απο Οργανισμό/Αρχή: Symposium on Late Byzantine Thessalonike Dumbarton Oaks
Άλλοι συγγραφείς: Talbot, Alice-Mary Maffry (Επιμελητής έκδοσης), Spieser, J.-M (Επιμελητής έκδοσης)
Μορφή: Πρακτικό Συνεδρίου Βιβλίο
Γλώσσα:English
Δημοσίευση: Washington, D.C. : Dumbarton Oaks Research Library and Collection, 2004
Σειρά:Dumbarton Oaks papers ; ; 57
Θέματα:
Ετικέτες: Προσθήκη ετικέτας
Δεν υπάρχουν, Καταχωρήστε ετικέτα πρώτοι!

MARC

LEADER 00000cam a2200000 i 4500
001 1/71327
008 080118s2004 eng d
022 |a 00707546 
035 |l 10093874 
040 |a GR-MY-UA  |b gre  |e aacr 
041 0 |a eng 
082 0 |a 938.3  |2 (22) 
111 2 |a Symposium on Late Byzantine Thessalonike   |d (2001 :   |c Dumbarton Oaks) 
245 1 0 |a Symposium on Late Byzantine Thessalonike /  |c [general editor, Alice-Mary Talbot] ; [guest co-editor: Jean-Michel-Spieser] 
260 |a Washington, D.C. :   |b Dumbarton Oaks Research Library and Collection,   |c 2004 
300 |a xiv, [i], 308 σ.;  |b εικ.;  |c 30 εκ. 
490 1 |a Dumbarton Oaks papers  |v ; 57 
500 |a Τα έγγραφα από ένα συμπόσιο πραγματοποιήθηκαν τον Μάιο 4-6 του 2001 στην Dumbarton Oaks, Washington, D.C. 
500 |a Αυτά τα έγγραφα του Dumbarton Oaks αφιερώνεται στη μνήμη της Julia Warner (1915-2003) 
500 |a Το συμπόσιο του 2001 late Byzantine Thessalonike αφιερώθηκε στη μνήμη του Nicholas Oikonomides 
504 |a Περιέχει βιβλιογραφικές παραπομπές 
651 0 |a Thessalonike (Greece)  |x Antiquities, Byzantine  |x Congresses. 
700 1 |a Talbot, Alice-Mary Maffry.  |4 edt 
700 1 |a Spieser, J.-M.  |4 edt 
830 0 |a Dumbarton Oaks papers ;  |v ; 57 
852 |a INST  |b LESVOS  |e 20080118  |h 938.3 SYM  |p 005100040286  |q 005100040286  |t BK  |y 0 
901 |a BIBL1-2008-1 
922 |a 1ΕΛΗ  |b 200712  |c ΕΠΕΑΕΚ2/ΤΚΑ  |d ΕΛΕΥΘΕΡΟΥΔΑΚΗΣ 
970 |a ΚΑΡΑ  |b ΓΙΑΣΕΜΗ  |z 2008/01/18